Животные на войне (первая и вторая мировые войны); Актуальные проблемы гуманитарных наук

Dades bibliogràfiques
Parent link:Актуальные проблемы гуманитарных наук.— 2008.— С. 248-250
Autor principal: Белянина Н. В.
Altres autors: Вилисова А. И., Самосюк Н. И.
Idioma:rus
Publicat: 2008
Matèries:
Format: MixedMaterials Capítol de llibre
KOHA link:https://koha.lib.tpu.ru/cgi-bin/koha/opac-detail.pl?biblionumber=186003

MARC

LEADER 00000naa2a2200000 4500
001 186003
005 20231031173326.0
035 |a (RuTPU)RU\TPU\book\201824 
090 |a 186003 
100 |a 20101020d2008 k y0rusy50 ca 
101 0 |a rus 
102 |a RU 
200 1 |a Животные на войне (первая и вторая мировые войны)  |f Н. В. Белянина, А. И. Вилисова, Н. И. Самосюк 
463 0 |0 (RuTPU)RU\TPU\book\194420  |t Актуальные проблемы гуманитарных наук  |o сборник научных трудов  |f Томский политехнический университет (ТПУ)   |v С. 248-250  |d 2008  |p 562 с. 
610 1 |a первая мировая война 
610 1 |a вторая мировая война 
610 1 |a животные 
610 1 |a кони 
610 1 |a собаки 
610 1 |a голуби 
610 1 |a светлячки 
610 1 |a ципридины 
610 1 |a лоси 
610 1 |a насекомые 
610 1 |a труды учёных ТПУ 
700 1 |a Белянина  |b Н. В. 
701 1 |a Вилисова  |b А. И. 
701 1 |a Самосюк  |b Н. И. 
801 1 |a RU  |b 63413507  |c 20101020 
801 2 |a RU  |b 63413507  |c 20101020  |g RCR 
942 |c BK